| 000 | 00667nam a2200253Ia 4500 | ||
|---|---|---|---|
| 005 | 20260429112132.0 | ||
| 008 | 260429s9999||||xx |||||||||||||| ||und|| | ||
| 020 | _a9788131273562 | ||
| 041 | _aEnglish | ||
| 082 |
_a616.07 _bAST |
||
| 100 | _aAster, Jon C. | ||
| 245 | 0 |
_aRobbins Cotran and Kumar pathologic basis of disease, Vol. 2 / _cJon C. Aster |
|
| 250 | _a11th ed. | ||
| 260 |
_aAmsterdam : _bElsevier, _c2026. |
||
| 300 | _axix, 609 p.; pbk | ||
| 440 | _vVol. 2 | ||
| 650 | _a Disease | ||
| 650 | _aPathology | ||
| 700 | _a Abbas, Abul K. | ||
| 700 | _a Das, Abhijit | ||
| 700 | _a debnath, Jayanta | ||
| 700 | _a Kumar, Vinay | ||
| 942 | _cTB | ||
| 999 |
_c52528 _d52528 |
||